ARRUPE JESUIT UNIVERSITY

CORONAVIRUS -STOP THE SPREAD - CLEAN,DISINFECT,COVER

Pensees (sur la religion) (Record no. 122386)

MARC details
000 -LEADER
fixed length control field 00477nam a22001577a 4500
008 - FIXED-LENGTH DATA ELEMENTS--GENERAL INFORMATION
fixed length control field 150311b xxu||||| |||| 00| 0 eng d
020 ## - INTERNATIONAL STANDARD BOOK NUMBER
International Standard Book Number 9782218034572
050 ## - LIBRARY OF CONGRESS CALL NUMBER
Classification number B1900.A5S497
100 ## - MAIN ENTRY--PERSONAL NAME
Personal name Pascal, Blaise
9 (RLIN) 16160
245 ## - TITLE STATEMENT
Title Pensees (sur la religion)
Statement of responsibility, etc /by Blaise Pascal
260 ## - PUBLICATION, DISTRIBUTION, ETC. (IMPRINT)
Place of publication, distribution, etc Paris
Name of publisher, distributor, etc Hatier
Date of publication, distribution, etc 1992
300 ## - PHYSICAL DESCRIPTION
Extent 79p. ;
Dimensions 18cm.
440 ## - SERIES STATEMENT/ADDED ENTRY--TITLE
Title Profil textes philosophiques
Number of part/section of a work no.76
International Standard Serial Number 09818170
9 (RLIN) 16161
700 ## - ADDED ENTRY--PERSONAL NAME
Personal name Seve, Bernard (ed.)
9 (RLIN) 16162
942 ## - ADDED ENTRY ELEMENTS (KOHA)
Source of classification or shelving scheme Library of Congress Classification
Item type Monograph ( Printed materials)
Holdings
Withdrawn status Lost status Source of classification or shelving scheme Damaged status Not for loan Collection code Home library Current library Shelving location Date acquired Total Checkouts Full call number Barcode Date last seen Price effective from Koha item type
    Library of Congress Classification     Main Collection ARRUPE LIBRARY ARRUPE LIBRARY Main Collection 11/03/2015   B1900.A5S497 46500002773 11/03/2015 11/03/2015 Monograph ( Printed materials)

 

Arrupe Library. PO Box MP320 Mt Pleasant, Harare, Zimbabwe
263 242 745411|librarian@aju.ac.zw